mm-Wave Silicon Technology (Record no. 213189)
[ view plain ]
| 000 -LEADER | |
|---|---|
| fixed length control field | 00708 a2200205 4500 |
| 003 - CONTROL NUMBER IDENTIFIER | |
| control field | Nust |
| 005 - DATE AND TIME OF LATEST TRANSACTION | |
| control field | 20170207165829.0 |
| 020 ## - INTERNATIONAL STANDARD BOOK NUMBER | |
| International Standard Book Number | 9780387765617 |
| 040 ## - CATALOGING SOURCE | |
| Transcribing agency | Nust |
| 082 ## - DEWEY DECIMAL CLASSIFICATION NUMBER | |
| Classification number | 621.382 |
| 100 1# - MAIN ENTRY--PERSONAL NAME | |
| Personal name | Niknejad, Ali M. |
| 245 10 - TITLE STATEMENT | |
| Title | mm-Wave Silicon Technology |
| Remainder of title | 60 GHz and Beyond / |
| Statement of responsibility, etc. | edited by Ali M. Niknejad, Hossein Hashemi. |
| 260 ## - PUBLICATION, DISTRIBUTION, ETC. | |
| Place of publication, distribution, etc. | Boston, MA : |
| Name of publisher, distributor, etc. | Springer Science+Business Media, LLC, |
| Date of publication, distribution, etc. | 2008. |
| 300 ## - PHYSICAL DESCRIPTION | |
| Other physical details | v.: digital |
| 440 #0 - SERIES STATEMENT/ADDED ENTRY--TITLE | |
| Title | Series on Integrated Circuits and Systems, |
| 650 #0 - SUBJECT ADDED ENTRY--TOPICAL TERM | |
| Topical term or geographic name entry element | Telecommunications engineering - (E-BOOK) |
| 651 ## - SUBJECT ADDED ENTRY--GEOGRAPHIC NAME | |
| Geographic name | E-Book |
| 700 1# - ADDED ENTRY--PERSONAL NAME | |
| Personal name | Hashemi, Hossein. |
| 856 42 - ELECTRONIC LOCATION AND ACCESS | |
| Uniform Resource Identifier | <a href="http://proxy.lib.ltu.se/login?url=http://link.springer.com/openurl?genre=book&isbn=978-0-387-76558-7">http://proxy.lib.ltu.se/login?url=http://link.springer.com/openurl?genre=book&isbn=978-0-387-76558-7</a> |
| 942 ## - ADDED ENTRY ELEMENTS (KOHA) | |
| Source of classification or shelving scheme | |
| Koha item type | Book |
| Withdrawn status | Lost status | Source of classification or shelving scheme | Damaged status | Not for loan | Collection code | Permanent Location | Current Location | Date acquired | Total Checkouts | Full call number | Barcode | Date last seen | Price effective from | Koha item type |
|---|---|---|---|---|---|---|---|---|---|---|---|---|---|---|
| Military College of Signals (MCS) | Military College of Signals (MCS) | 12/12/2016 | 621.382 ALI | MCSEB-3225 | 12/08/2016 | 12/12/2016 | Book |
